| 000 | 00796nam a2200181 a 4500 | ||
|---|---|---|---|
| 001 | 000048149 | ||
| 005 | 20201002060942.0 | ||
| 008 | 181122s2011 dr a r 000 0 spa d | ||
| 040 |
_aDO-SdBNP _bspa _cBNPHU |
||
| 082 |
_axxxx _bE82n |
||
| 245 | 0 | 0 |
_aEstrategia nacional de conservación y uso sostenible de la biodiversidad y plan de acción 2011-2020 (ENBPA) / _ccoordinación técnica José Manuel Mateo Feliz, Marina Hernández. |
| 260 |
_aSanto Domingo : _bMinisterio de Medio Ambiente y Recursos Naturales, _c2011. |
||
| 300 |
_a113 p. : _bil. ; _c28 cm. |
||
| 590 | _aInventariado, 2018/MFF | ||
| 700 | 1 |
_aMateo Feliz, José Manuel, _ecoord. _937548 |
|
| 700 | 1 |
_aHernández, Marina, _ecoord. _975617 |
|
| 710 | 1 |
_aRepública Dominicana. _bMinisterio de Medio Ambiente y Recursos Naturales _966969 |
|
| 999 |
_c47637 _d47637 |
||